000 00300nam a22001337a 4500
008 180127b xxu||||| |||| 00| 0 eng d
020 _a0443085676
041 _aeng
080 _a615.7
100 _a6
101 _aANE
245 _aAnesthesia for Vascular Surgery
_cRoizen, M.F
942 _2udc
_cBK
999 _c41096
_d41096